MARC

LEADER 00000nam0a2200000 4500
001 335882
005 20231102004811.0
035 |a (RuTPU)RU\TPU\book\362294 
035 |a RU\TPU\book\362290 
090 |a 335882 
100 |a 20171004d1981 k y0rusy50 ca 
101 0 |a rus 
102 |a RU 
105 |a a z 001zy 
200 1 |a Метаморфические формации (принципы выделения и классификации)  |g Академия наук СССР (АН СССР), Сибирское отделение (СО) ; под ред. Н. Л. Добрецова 
210 |a Новосибирск  |c Наука  |d 1981 
215 |a 128 с.  |c ил. 
225 1 |a Труды института геологии и геофизики (ИГиГ) СО АН СССР  |v Вып. 488 
320 |a Библиография в конце статей 
606 1 |a Горные породы, метаморфические  |x Петрография  |2 stltpush  |3 (RuTPU)RU\TPU\subj\8136  |9 35620 
610 1 |a метаморфизм 
610 1 |a выделение 
610 1 |a классификация 
610 1 |a метаморфогенное рудообразование 
610 1 |a структура 
610 1 |a вещественный состав 
610 1 |a Сибирь 
610 1 |a Тянь-Шань 
675 |a 552.4  |v 4 
702 1 |a Добрецов  |b Н. Л.  |4 340 
712 0 2 |a Академия наук СССР (АН СССР)  |b Сибирское отделение (СО)  |c (Новосибирск)  |2 stltpush  |3 (RuTPU)RU\TPU\col\11215 
712 0 2 |a Академия наук СССР (АН СССР)  |b Сибирское отделение (СО)  |b Институт геологии и геофизики (ИГиГ)  |c (Новосибирск)  |2 stltpush  |3 (RuTPU)RU\TPU\col\128 
801 1 |a RU  |b 63413507  |c 20170911 
801 2 |a RU  |b 63413507  |c 20171009  |g RCR 
942 |c BK